000 00447nam a2200169Ia 4500
008 230917s9999||||xx |||||||||||||| ||und||
020 _cUSD29.95
040 _e223870
_aMAIN
041 _aEnglish
082 _a641.5973 S515S
100 _aLee, Sandra
245 0 _aSemi-homemade: The complete cookbook
260 _aHoboken
_bJohn Wiley
_c2010
300 _a576 p.
500 _a1915 27/01/2015 APD1014084 12/03/2015 IHTM (SFS)
942 _cBK
999 _c14170
_d14170